书目信息 |
| 题名: |
可编程序控制器(PLC)应用技术
|
|
| 作者: | 徐德 , 孙同景 , 陈桂友 编著 | |
| 分册: | ||
| 出版信息: | 济南 山东科学技术出版社 2003.01 |
|
| 页数: | 390页 | |
| 开本: | 26cm | |
| 丛书名: | ||
| 单 册: | ||
| 中图分类: | TP332.3 | |
| 科图分类: | ||
| 主题词: | 电子数字计算机 | |
| 电子资源: | ||
| ISBN: | 7-5331-1704-2 | |
| 000 | 00735nam0 2200229 45 | |
| 001 | 0362295678 | |
| 005 | 2003060617181567 | |
| 010 | @a7-5331-1704-2@b压膜@dRMB 29.50 | |
| 100 | @a20030606d2003 km y0chiy0120 ea | |
| 101 | 0 | @achi |
| 102 | @aCN@b370000 | |
| 200 | 1 | @a可编程序控制器(PLC)应用技术@Ake bian cheng xu kong zhi qi(PLC)ying yong ji shu@f徐德,孙同景,陈桂友编著@Fxu de,sun tong jing,chen gui you bian zhu |
| 205 | @a2版 | |
| 210 | @a济南@c山东科学技术出版社@d2003.01 | |
| 215 | @a390页@d26cm | |
| 606 | 0 | @a电子数字计算机 |
| 690 | @aTP332.3@v4 | |
| 701 | 0 | @a徐德@Axu de@4编著 |
| 701 | 0 | @a孙同景@Asun tong jing@4编著 |
| 701 | 0 | @a陈桂友@Achen gui you@4编著 |
| 801 | 0 | @aCN@bPFT@c20030606 |
| 905 | @a10447@dTP332.3@eX691 | |
| 可编程序控制器(PLC)应用技术/徐德,孙同景,陈桂友编著.-2版.-济南:山东科学技术出版社,2003.01 |
| 390页;26cm |
| ISBN 7-5331-1704-2(压膜):RMB 29.50 |
| ● |
| 相关链接 |
|
|
|
正题名:可编程序控制器(PLC)应用技术
索取号:TP332.3/X691
 
预约/预借
| 序号 | 登录号 | 条形码 | 馆藏地/架位号 | 状态 | 备注 |
| 1 | 369752 | 203697525 | 自科二线404/301自科库 55排1列2层/ [索取号:TP332.3/X691] | 在馆 | |
| 2 | 369753 | 203697534 | 自科库301/301自科库 61排5列1层/ [索取号:TP332.3/X691] | 在馆 | |
| 3 | 369754 | 203697543 | 自科库301/301自科库 61排5列1层/ [索取号:TP332.3/X691] | 在馆 |